<?xml version="1.0" encoding="UTF-8"?>
<collection xmlns="http://www.loc.gov/MARC21/slim">
<record>
  <controlfield tag="001">167478</controlfield>
  <controlfield tag="005">20260121151437.0</controlfield>
  <datafield tag="037" ind1=" " ind2=" ">
    <subfield code="a">TAZ-TFG-2025-362</subfield>
  </datafield>
  <datafield tag="041" ind1=" " ind2=" ">
    <subfield code="a">spa</subfield>
  </datafield>
  <datafield tag="100" ind1="1" ind2=" ">
    <subfield code="a">Puyuelo Santolaria, Inés</subfield>
  </datafield>
  <datafield tag="242" ind1="0" ind2="0">
    <subfield code="a">Standarized Care Plan: oncologic patients in outpatient (at home) chemotherapy treatment using elastomeric infusion pump.</subfield>
  </datafield>
  <datafield tag="245" ind1="0" ind2="0">
    <subfield code="a">Plan de Cuidados Estandarizado: paciente oncológico en tratamiento quimioterápico ambulatorio (a domicilio) mediante bomba de infusión elastomérica.</subfield>
  </datafield>
  <datafield tag="260" ind1=" " ind2=" ">
    <subfield code="a">Zaragoza</subfield>
    <subfield code="b">Universidad de Zaragoza</subfield>
    <subfield code="c">2025</subfield>
  </datafield>
  <datafield tag="506" ind1=" " ind2=" ">
    <subfield code="a">by-nc-sa</subfield>
    <subfield code="b">Creative Commons</subfield>
    <subfield code="c">3.0</subfield>
    <subfield code="u">http://creativecommons.org/licenses/by-nc-sa/3.0/</subfield>
  </datafield>
  <datafield tag="520" ind1=" " ind2=" ">
    <subfield code="a">La bomba de infusión elastomérica es un dispositivo realmente útil para proporcionar tratamiento a domicilio, modalidad que surge del aumento de la demanda de servicios sanitarios en los últimos años por parte de los pacientes oncológicos. Se trata de una carcasa portátil que el paciente portará durante las 24-48 horas que dure el tratamiento, durante las que este será administrado por un mecanismo de presión positiva de la membrana hasta el puerto del catéter venoso central disponible. &lt;br />Se ha utilizado el modelo de las catorce necesidades básicas de Virginia Henderson, así como la taxonomía NANDA-I, NOC, NIC para desarrollar las fases del plan de cuidados. &lt;br />Previo al desarrollo de la planificación de los cuidados de enfermería, se resaltan los aspectos imprescindibles a valorar en los pacientes candidatos. Este plan de cuidados está centrado en los diagnósticos de independencia de: Autogestión de la salud ineficaz, Temor excesivo, Riesgo de excesiva carga de cuidados, Conocimientos de salud inadecuados: manejo y cuidados del elastómero.&lt;br />Conclusión: Plan de Cuidados Estandarizado a utilizar en la organización de los cuidados de enfermería a los pacientes que reciben tratamiento en domicilio mediante el elastómero, resaltando la importancia de proporcionar cuidados personalizados a cada paciente dependiendo de su situación.&lt;br />&lt;br /></subfield>
  </datafield>
  <datafield tag="521" ind1=" " ind2=" ">
    <subfield code="a">Graduado en Enfermería</subfield>
  </datafield>
  <datafield tag="540" ind1=" " ind2=" ">
    <subfield code="a">Derechos regulados por licencia Creative Commons</subfield>
  </datafield>
  <datafield tag="856" ind1="0" ind2=" ">
    <subfield code="f">840647@celes.unizar.es</subfield>
  </datafield>
  <datafield tag="856" ind1="4" ind2=" ">
    <subfield code="s">1167591</subfield>
    <subfield code="u">http://zaguan.unizar.es/record/167478/files/TAZ-TFG-2025-362.pdf</subfield>
    <subfield code="y">Memoria (spa)</subfield>
  </datafield>
  <datafield tag="909" ind1="C" ind2="O">
    <subfield code="o">oai:zaguan.unizar.es:167478</subfield>
    <subfield code="p">driver</subfield>
    <subfield code="p">trabajos-fin-grado</subfield>
  </datafield>
  <datafield tag="950" ind1=" " ind2=" ">
    <subfield code="a"></subfield>
  </datafield>
  <datafield tag="691" ind1=" " ind2=" ">
    <subfield code="a">3 4</subfield>
  </datafield>
  <datafield tag="692" ind1=" " ind2=" ">
    <subfield code="a">Se exponen actividades dirigidas a potenciar los conocimientos de la población, así como mejorar la gestión de su salud.</subfield>
  </datafield>
  <datafield tag="700" ind1=" " ind2=" ">
    <subfield code="a">Hijós Larraz, Luis Alfonso</subfield>
    <subfield code="e">dir.</subfield>
  </datafield>
  <datafield tag="710" ind1="2" ind2=" ">
    <subfield code="a">Universidad de Zaragoza</subfield>
    <subfield code="b">Fisiatría y Enfermería</subfield>
    <subfield code="c">Enfermería</subfield>
  </datafield>
  <datafield tag="980" ind1=" " ind2=" ">
    <subfield code="a">TAZ</subfield>
    <subfield code="b">TFG</subfield>
    <subfield code="c">ENFHUES</subfield>
  </datafield>
  <datafield tag="999" ind1=" " ind2=" ">
    <subfield code="a">20250405145910.CREATION_DATE</subfield>
  </datafield>
  <datafield tag="951" ind1=" " ind2=" ">
    <subfield code="a">deposita:2026-01-21</subfield>
  </datafield>
</record>
</collection>